000 00577nam a2200217 i 4500
001 C2-0304403
003 PPAK
005 20180728085451.0
008 100520s1957 ii |||| ||||| | eng d
040 _aPPAK
_beng
_cPPAK
_erda
082 0 4 _a894.811
_223
090 0 0 _a894.811
_bCON
_dKIH
245 0 0 _aContemporary indian literature
264 1 _aNew Delhi :
_bSahitya akademi ,
_c1957
300 _a338 pages ;
_c21 cm
336 _2rdacontent
_atext
337 _2rdamedia
_aunmediated
338 _2rdacarrier
_avolume
650 1 0 _aIndian literature
942 _ddc
_cB
999 _c107538
_d107538